Realita virtuálna /

Salvato in:
Dettagli Bibliografici
Autore principale: Mendelová, Lucia (Autore)
Natura: Libro
Lingua:slovacco
Pubblicazione: Krásno nad Kysucou : Vydavateľstvo Absynt, o.z. pod značkou Kalligram, 2019
Edizione:1. vydanie
Serie:Skica : 11.
Soggetti:
Tags: Aggiungi Tag
Nessun Tag, puoi essere il primo ad aggiungerne!!

MARC

LEADER 00000nam a22000003a 4500
001 0089607
003 SK-STU
005 20210720140516.4
007 ta
008 210720s ----xo-----e------000-0-----d
020 |a 978-80-89916-79-5 
040 |a STU  |b slo 
041 0 |a slo 
044 |a xo 
100 1 |a Mendelová, Lucia  |4 aut 
245 1 0 |a Realita virtuálna /  |c aut. Lucia Mendelová 
250 |a 1. vydanie 
260 |a Krásno nad Kysucou :  |b Vydavateľstvo Absynt, o.z. pod značkou Kalligram,  |c 2019 
300 |a 128 s. 
490 0 |a Skica :  |v 11. 
650 0 7 |a virtuálna realita 
650 0 7 |a filozofia 
650 0 7 |a kvalita života 
650 0 7 |a internet 
650 0 7 |a nové médiá 
650 0 7 |a VR 
996 |b 284AU08912  |c A* 12192/U  |l AAKNST  |s P  |a 0  |w 0089607_0001 
996 |b 284AU08913  |c A* 12193/U  |l AAKNAR  |s A  |a 24  |w 0089607_0002 
996 |b 284AU08914  |c A* 12194/U  |l AAKNAR  |s A  |a 24  |w 0089607_0003